000 01441nam0a22003131 4500
001 rc\3489335
005 20250610023622.0
021 _aRU
_b[71-8789]
035 _a(NLR Aleph) 007648301
090 _a6200600
_c6200600
100 _a20130115d1970 |||y0rusy50 ca
101 0 _arus
102 _aRU
105 _ay z |||||
200 1 _aНаучная организация труда и производства на Дарницком заводе железобетонных конструкций треста "Юзтранстром"
_fЦентр. ин-т нормативных исследований и науч.-техн. информации "Оргтрансстрой" М-ва трансп. строительства
210 _aМосква
_cБ. и.
_d1970
215 _a19 с.
_d22
225 1 _aТехническая информация
300 _aПеред загл. авт.: инженеры Л.М. Бураковский, В.Д. Трач, Н.В. Веникеева, К.В. Мнышенко
606 _aЖелезобетонные конструкции
_xПроизводство
_xОрганизация труда
_2psbo
701 1 _aТрач
_bВ.Д.
701 1 _aВеникеева
_bН.В.
701 1 _aМнышенко
_bК.В.
701 1 _aБураковский
_bЛ.М.
801 0 _aRU
_bNLR
_gpsbo
801 1 _aRU
_bELAR
_2rusmarc
852 _aNLR
_j71-6/932
942 _cBOOK
980 _aNB